[Event "EU-ch Blitz"]
[Site "Zagreb"]
[Date "2023.12.16"]
[Round "10"]
[White "Dardha, Daniel"]
[Black "Stankovic, Milos"]
[Result "0-1"]
[WhiteElo "2598"]
[BlackElo "2460"]
[PlyCount "72"]
[EventDate "2023.12.16"]
[EventType "swiss (blitz)"]
[EventRounds "13"]
[EventCountry "CRO"]
[SourceTitle "CB51_2023"]
[SourceDate "2023.12.20"]
[SourceVersion "1"]
[SourceVersionDate "2023.12.20"]
[SourceQuality "1"]

1. d4 Nf6 2. Bg5 g6 3. Bxf6 exf6 4. e3 d5 5. c4 Bg7 6. Nc3 dxc4 7. Bxc4 0-0 8. Qf3 c5 9. Nge2 Nc6 10. Rd1 Qa5 11. 0-0 f5 12. Qf4 cxd4 13. exd4 Bd7 14. d5 Ne5 15. Bb3 Rac8 16. d6 Qa6 17. Qg3 Nc4 18. Nd5 Kh8 19. Nc7 Qc6 20. Nc3 Be5 21. Qh4 Nxd6 22. N7d5 Rcd8 23. Nf6 h5 24. Qg5 Kg7 25. Nxh5+ Kh7 26. Rfe1 Bxc3 27. bxc3 Ne4 28. Qh4 gxh5 29. Qxh5+ Qh6 30. Qf3 Bc6 31. Qxf5+ Qg6 32. Qh3+ Kg7 33. Bc2 Rxd1 34. Rxd1 Rh8 35. Qe3 Qh5 36. Bxe4 Qxd1+ 0-1

[Event "EU-ch Blitz"]
[Site "Zagreb"]
[Date "2023.12.16"]
[Round "9"]
[White "Stankovic, Milos"]
[Black "Haszon, David"]
[Result "1-0"]
[WhiteElo "2460"]
[BlackElo "2245"]
[PlyCount "45"]
[EventDate "2023.12.16"]
[EventType "swiss (blitz)"]
[EventRounds "13"]
[EventCountry "CRO"]
[SourceTitle "CB51_2023"]
[SourceDate "2023.12.20"]
[SourceVersion "1"]
[SourceVersionDate "2023.12.20"]
[SourceQuality "1"]

1. e4 e5 2. Nf3 Nf6 3. Nc3 Nc6 4. Bb5 Nd4 5. 0-0 Nxb5 6. Nxb5 c6 7. Nc3 d6 8. d4 Qc7 9. Bg5 Be7 10. a4 Bg4 11. Bxf6 gxf6 12. h3 Bh5 13. d5 c5 14. Qd3 Rg8 15. Nh4 0-0-0 16. Nb5 c4 17. Qe3 Qd7 18. Nxa7+ Kb8 19. Nb5 b6 20. Nf5 Bf8 21. b3 Kb7 22. bxc4 Rc8 23. a5 1-0

[Event "EU-ch Rapid"]
[Site "Zagreb"]
[Date "2023.12.15"]
[Round "11"]
[White "Stankovic, Milos"]
[Black "Balog, Imre1"]
[Result "0-1"]
[WhiteElo "2460"]
[BlackElo "2619"]
[PlyCount "68"]
[EventDate "2023.12.14"]
[EventType "swiss (rapid)"]
[EventRounds "11"]
[EventCountry "CRO"]
[SourceTitle "CB51_2023"]
[SourceDate "2023.12.20"]
[SourceVersion "1"]
[SourceVersionDate "2023.12.20"]
[SourceQuality "1"]

1. e4 e6 2. d4 d5 3. e5 c5 4. c3 Bd7 5. Nf3 Qb6 6. Bd3 Bb5 7. dxc5 Bxc5 8. Bxb5+ Qxb5 9. b4 Bb6 10. Na3 Qd7 11. c4 Ne7 12. 0-0 0-0 13. c5 Bc7 14. Bb2 b6 15. Bd4 Nbc6 16. Rb1 Nxd4 17. Qxd4 Qa4 18. Qd3 Nc6 19. Ng5 g6 20. Qh3 h5 21. f4 Bd8 22. Nxe6 fxe6 23. Qxe6+ Kg7 24. f5 gxf5 25. Rb3 f4 26. Rh3 Nd4 27. Qxd5 Be7 28. e6 Nf5 29. Qe5+ Bf6 30. Qe2 Qe8 31. Rxh5 Nd4 32. Qg4+ Qg6 33. Rxf4 Nxe6 34. Qxe6 Bd4+ 0-1

[Event "EU-ch Rapid"]
[Site "Zagreb"]
[Date "2023.12.14"]
[Round "4"]
[White "Fedorchuk, Sergey A"]
[Black "Stankovic, Milos"]
[Result "1-0"]
[WhiteElo "2546"]
[BlackElo "2460"]
[PlyCount "91"]
[EventDate "2023.12.14"]
[EventType "swiss (rapid)"]
[EventRounds "11"]
[EventCountry "CRO"]
[SourceTitle "CB51_2023"]
[SourceDate "2023.12.20"]
[SourceVersion "1"]
[SourceVersionDate "2023.12.20"]
[SourceQuality "1"]

1. e4 c5 2. Nf3 d6 3. d4 cxd4 4. Nxd4 Nf6 5. Nc3 Bd7 6. f4 Nc6 7. Nf3 g6 8. Bc4 Bg7 9. 0-0 0-0 10. Kh1 Rb8 11. Qe2 Bg4 12. Be3 a6 13. Rad1 b5 14. Bb3 Qc8 15. Bg1 Na5 16. h3 Nxb3 17. cxb3 Bxf3 18. Rxf3 Qb7 19. e5 dxe5 20. fxe5 Nd7 21. e6 Nf6 22. b4 fxe6 23. Qxe6+ Kh8 24. Bc5 Rbe8 25. Rdf1 Nh5 26. Rxf8+ Rxf8 27. Rxf8+ Bxf8 28. Qf7 Qc8 29. Nd5 e6 30. Bxf8 exd5 31. Bc5 Ng3+ 32. Kg1 Nf5 33. g4 Qb8 34. Kh1 Ng7 35. Bd4 Qg8 36. Qf6 h6 37. Qxg6 Qh7 38. Qe8+ Qg8 39. Bxg7+ Kxg7 40. Qxg8+ Kxg8 41. Kg2 Kg7 42. Kf3 Kg6 43. Kf4 Kf6 44. h4 Ke6 45. a3 Kd6 46. Kf5 1-0

[Event "MNT-chT"]
[Site "Herceg Novi"]
[Date "2023.05.05"]
[Round "6.5"]
[White "Stankovic, Milos"]
[Black "Kadric, Denis"]
[Result "0-1"]
[WhiteElo "2468"]
[BlackElo "2601"]
[PlyCount "58"]
[EventDate "2023.05.01"]
[EventType "team-tourn"]
[EventRounds "9"]
[EventCountry "MNE"]
[SourceTitle "CBM 214 Extra"]
[Source "ChessBase"]
[SourceDate "2023.07.31"]
[SourceVersion "1"]
[SourceVersionDate "2023.07.31"]
[SourceQuality "1"]
[WhiteTeam "Mimoza"]
[BlackTeam "Elektroprivreda"]
[WhiteTeamCountry "MNE"]
[BlackTeamCountry "MNE"]

1. e4 c6 2. d4 d5 3. e5 Bf5 4. h4 h6 5. g4 Be4 6. f3 Bh7 7. e6 Nf6 8. Bd3 Qd6 9. exf7+ Kxf7 10. Ne2 Nbd7 11. g5 Bxd3 12. Qxd3 hxg5 13. Bxg5 e5 14. Nbc3 exd4 15. Qxd4 Qe5 16. Qd2 Re8 17. Bf4 Qh5 18. 0-0-0 Bc5 19. Rdf1 Ne5 20. Ng3 Qh7 21. Nce4 dxe4 22. Nxe4 Nxf3 23. Ng5+ Nxg5 24. Bxg5 Qe4 25. Rh3 Qe2 26. Qd7+ Re7 27. Qf5 Rd8 28. b4 Rd5 29. Qf4 Bd6 0-1

[Event "MNT-chT"]
[Site "Herceg Novi"]
[Date "2023.05.03"]
[Round "3.2"]
[White "Stankovic, Milos"]
[Black "Perunovic, Milos"]
[Result "1/2-1/2"]
[WhiteElo "2468"]
[BlackElo "2552"]
[PlyCount "49"]
[EventDate "2023.05.01"]
[EventType "team-tourn"]
[EventRounds "9"]
[EventCountry "MNE"]
[SourceTitle "CBM 214 Extra"]
[Source "ChessBase"]
[SourceDate "2023.07.31"]
[SourceVersion "1"]
[SourceVersionDate "2023.07.31"]
[SourceQuality "1"]
[WhiteTeam "Mimoza"]
[BlackTeam "Crnogorac"]
[WhiteTeamCountry "MNE"]
[BlackTeamCountry "MNE"]

1. e4 c5 2. Nf3 e6 3. d4 cxd4 4. Nxd4 Nc6 5. Nc3 Qc7 6. Be3 a6 7. a3 b5 8. Nxc6 Qxc6 9. h4 Nf6 10. f3 Qc7 11. Qd4 Bd6 12. 0-0-0 Be5 13. Qc5 Qxc5 14. Bxc5 Nh5 15. Bd4 Bxd4 16. Rxd4 Ng3 17. Rg1 Bb7 18. Bd3 Ke7 19. a4 Bc6 20. axb5 axb5 21. Rd1 Rhb8 22. Rb4 Ra5 23. Kd2 d6 24. Ke3 e5 25. Kf2 1/2-1/2

[Event "EU-ch 23rd"]
[Site "Vrnjacka Banja"]
[Date "2023.03.13"]
[Round "11"]
[White "Stankovic, Milos"]
[Black "Mchedlishvili, Mikheil"]
[Result "0-1"]
[WhiteElo "2447"]
[BlackElo "2569"]
[PlyCount "66"]
[EventDate "2023.03.03"]
[EventType "swiss"]
[EventRounds "11"]
[EventCountry "SRB"]
[SourceTitle "CBM 213"]
[Source "ChessBase"]
[SourceDate "2023.04.30"]
[SourceVersion "1"]
[SourceVersionDate "2023.04.30"]
[SourceQuality "1"]

1. e4 c5 2. Nf3 e6 3. d4 cxd4 4. Nxd4 Nc6 5. Nc3 Qc7 6. Be3 a6 7. g4 Nxd4 8. Qxd4 b5 9. 0-0-0 Bb7 10. f3 Rc8 11. a3 Bc5 12. Qxc5 Qxc5 13. Bxc5 Rxc5 14. a4 b4 15. Na2 a5 16. Bb5 Nf6 17. Kb1 h5 18. gxh5 Nxe4 19. Rhg1 Nf6 20. Rxg7 Rhxh5 21. Rd2 Bxf3 22. Nc1 Be4 23. Rg1 Rh3 24. Rf1 Ke7 25. Re1 b3 26. Bd3 bxc2+ 27. Rxc2 Rxc2 28. Kxc2 Rxh2+ 29. Kc3 Bc6 30. Nb3 Nd5+ 31. Kd4 Rxb2 32. Nxa5 Bxa4 33. Nc4 Rh2 0-1

[Event "EU-ch 23rd"]
[Site "Vrnjacka Banja"]
[Date "2023.03.08"]
[Round "6"]
[White "Pogorelskikh, Sergey"]
[Black "Stankovic, Milos"]
[Result "0-1"]
[WhiteElo "2203"]
[BlackElo "2447"]
[PlyCount "72"]
[EventDate "2023.03.03"]
[EventType "swiss"]
[EventRounds "11"]
[EventCountry "SRB"]
[SourceTitle "CBM 213"]
[Source "ChessBase"]
[SourceDate "2023.04.30"]
[SourceVersion "1"]
[SourceVersionDate "2023.04.30"]
[SourceQuality "1"]

1. e4 c5 2. Nf3 d6 3. d4 cxd4 4. Nxd4 Nf6 5. Nc3 Bd7 6. f3 e5 7. Nb3 Be7 8. Be3 0-0 9. g4 a5 10. a4 Na6 11. Bb5 Bxb5 12. axb5 Nb4 13. g5 Nd7 14. h4 Nb6 15. Rxa5 Rc8 16. Bc1 d5 17. exd5 N6xd5 18. Nxd5 Nxd5 19. c3 Qd7 20. Qe2 Nxc3 21. bxc3 Rxc3 22. 0-0 Rxb3 23. Be3 Qh3 24. Ra4 Qg3+ 25. Kh1 Qh3+ 26. Kg1 Rc8 27. Bb6 Qg3+ 28. Kh1 Qh3+ 29. Kg1 Rbc3 30. Rg4 Rc2 31. Qxe5 Rc1 32. Rxc1 Rxc1+ 33. Kf2 Rf1+ 34. Ke2 Qxf3+ 35. Kd2 Rd1+ 36. Kc2 Qd3+ 0-1

[Event "EU-ch 23rd"]
[Site "Vrnjacka Banja"]
[Date "2023.03.04"]
[Round "2"]
[White "Rodshtein, Maxim"]
[Black "Stankovic, Milos"]
[Result "1/2-1/2"]
[WhiteElo "2622"]
[BlackElo "2447"]
[PlyCount "81"]
[EventDate "2023.03.03"]
[EventType "swiss"]
[EventRounds "11"]
[EventCountry "SRB"]
[SourceTitle "CBM 213"]
[Source "ChessBase"]
[SourceDate "2023.04.30"]
[SourceVersion "1"]
[SourceVersionDate "2023.04.30"]
[SourceQuality "1"]

1. d4 Nf6 2. c4 e6 3. Nf3 c5 4. d5 d6 5. Nc3 exd5 6. cxd5 g6 7. Bf4 Bg7 8. e3 0-0 9. h3 Ne8 10. Be2 Nd7 11. 0-0 Ne5 12. Nd2 f5 13. Bg3 Bd7 14. a4 Nc7 15. Re1 a6 16. a5 Nb5 17. Qb3 Qe8 18. f4 Nf7 19. Nc4 Nxc3 20. bxc3 Rb8 21. Bd3 Bb5 22. Bh4 Bxc4 23. Bxc4 Qe4 24. Bf1 c4 25. Bxc4 Ne5 26. Ra4 Nxc4 27. Qxc4 Qxc4 28. Rxc4 Rfc8 29. Rxc8+ Rxc8 30. Rb1 Bxc3 31. Rxb7 Rc5 32. Rb6 Rxd5 33. Rxa6 Bxa5 34. Ra8+ Kf7 35. Ra7+ Kg8 36. Bf6 Bb6 37. Re7 Rd2 38. Kf1 Bd8 39. Re8+ Kf7 40. Rxd8 Kxf6 41. g4 1/2-1/2

[Event "BL2-Ost 2223"]
[Site "Germany"]
[Date "2023.02.26"]
[Round "8.6"]
[White "Stankovic, Milos"]
[Black "Mueller, Matthias"]
[Result "1-0"]
[WhiteElo "2428"]
[BlackElo "2384"]
[PlyCount "65"]
[EventDate "2022.10.22"]
[EventType "team-tourn"]
[EventRounds "10"]
[EventCountry "GER"]
[SourceTitle "EXT 2024"]
[Source "ChessBase"]
[SourceDate "2023.10.10"]
[SourceVersion "1"]
[SourceVersionDate "2023.10.10"]
[SourceQuality "1"]
[WhiteTeam "Goeggingen"]
[BlackTeam "Erfurt"]
[WhiteTeamCountry "GER"]
[BlackTeamCountry "GER"]

1. e4 e5 2. Nf3 Nc6 3. Nc3 Nf6 4. Bb5 Bb4 5. 0-0 0-0 6. Bxc6 dxc6 7. d3 Bg4 8. h3 Bh5 9. Kh2 Bxc3 10. bxc3 Nd7 11. g4 Bg6 12. Bg5 f6 13. Be3 Re8 14. Nh4 Nf8 15. Qf3 Ne6 16. Nf5 c5 17. h4 b6 18. Rg1 Rf8 19. Qg3 Qd7 20. Rad1 Rae8 21. h5 Bf7 22. d4 cxd4 23. cxd4 exd4 24. Bxd4 Nxd4 25. Rxd4 Qc6 26. g5 Bxh5 27. gxf6 Qxf6 28. Qxg7+ Qxg7 29. Nxg7 Rxf2+ 30. Kh3 Rf3+ 31. Kh4 Rf4+ 32. Kxh5 Rexe4 33. Ne6+ 1-0

[Event "BL2-Ost 2223"]
[Site "Germany"]
[Date "2023.02.05"]
[Round "6.5"]
[White "Schreiner, Peter"]
[Black "Stankovic, Milos"]
[Result "1/2-1/2"]
[WhiteElo "2393"]
[BlackElo "2428"]
[PlyCount "45"]
[EventDate "2022.10.22"]
[EventType "team-tourn"]
[EventRounds "10"]
[EventCountry "GER"]
[SourceTitle "EXT 2024"]
[Source "ChessBase"]
[SourceDate "2023.10.10"]
[SourceVersion "1"]
[SourceVersionDate "2023.10.10"]
[SourceQuality "1"]
[WhiteTeam "Passau"]
[BlackTeam "Goeggingen"]
[WhiteTeamCountry "GER"]
[BlackTeamCountry "GER"]

1. d4 Nf6 2. c4 e6 3. Nf3 c5 4. d5 d6 5. Nc3 exd5 6. cxd5 g6 7. Bg5 h6 8. Bh4 g5 9. Bg3 Nh5 10. Nd2 Nxg3 11. hxg3 Nd7 12. Nc4 Nb6 13. Ne3 Bg7 14. a4 a5 15. Qd3 0-0 16. Nf5 c4 17. Qc2 Bxf5 18. Qxf5 Qc8 19. Qc2 Qc5 20. e4 Rae8 21. Be2 f5 22. exf5 Nxd5 23. Nxd5 1/2-1/2

[Event "SRB-chT Premier"]
[Site "Vrnjacka Banja"]
[Date "2022.09.27"]
[Round "8.3"]
[White "Stankovic, Milos"]
[Black "Todorovic, Jovan"]
[Result "1-0"]
[WhiteElo "2439"]
[BlackElo "2350"]
[PlyCount "99"]
[EventDate "2022.09.20"]
[EventType "team-tourn"]
[EventRounds "11"]
[EventCountry "SRB"]
[SourceTitle "CBM 210 Extra"]
[Source "ChessBase"]
[SourceDate "2022.11.30"]
[SourceVersion "1"]
[SourceVersionDate "2022.11.30"]
[SourceQuality "1"]
[WhiteTeam "Goracici Jelica"]
[BlackTeam "Lucani Mladost"]
[WhiteTeamCountry "SRB"]
[BlackTeamCountry "SRB"]

1. e4 c5 2. Nc3 d6 3. Bb5+ Bd7 4. Bxd7+ Qxd7 5. d4 cxd4 6. Qxd4 Nc6 7. Qd3 g6 8. Nf3 Bg7 9. 0-0 Nf6 10. Nd5 0-0 11. h3 Nxd5 12. exd5 Ne5 13. Nxe5 Bxe5 14. c3 Rfe8 15. f4 Bf6 16. f5 b5 17. Be3 b4 18. cxb4 Bxb2 19. Rae1 Qb7 20. a3 a6 21. Bg5 Bf6 22. fxg6 hxg6 23. Bxf6 exf6 24. Rxe8+ Rxe8 25. Rxf6 Re5 26. Kh2 Kg7 27. Rf4 a5 28. bxa5 Qxd5 29. Qxd5 Rxd5 30. Ra4 Rc5 31. Rf4 Rd5 32. Ra4 Rc5 33. a6 Rc8 34. a7 Ra8 35. Kg3 Kf6 36. Kf4 Ke6 37. Ke4 f5+ 38. Kd4 g5 39. Ra5 g4 40. hxg4 fxg4 41. g3 Kd7 42. Kd5 Kc7 43. Ra4 Kb6 44. Kxd6 Rd8+ 45. Ke7 Ra8 46. Kd7 Kb7 47. Rb4+ Ka6 48. Kd6 Rd8+ 49. Kc7 Ra8 50. Ra4+ 1-0

[Event "SRB-chT Premier"]
[Site "Vrnjacka Banja"]
[Date "2022.09.23"]
[Round "4.1"]
[White "Stankovic, Milos"]
[Black "Lazic, Miroljub"]
[Result "1-0"]
[WhiteElo "2439"]
[BlackElo "2300"]
[PlyCount "65"]
[EventDate "2022.09.20"]
[EventType "team-tourn"]
[EventRounds "11"]
[EventCountry "SRB"]
[SourceTitle "CBM 210 Extra"]
[Source "ChessBase"]
[SourceDate "2022.11.30"]
[SourceVersion "1"]
[SourceVersionDate "2022.11.30"]
[SourceQuality "1"]
[WhiteTeam "Goracici Jelica"]
[BlackTeam "Ruma Sloven"]
[WhiteTeamCountry "SRB"]
[BlackTeamCountry "SRB"]

1. e4 e5 2. Nf3 Nc6 3. Bc4 Bc5 4. c3 Nf6 5. d4 exd4 6. b4 Be7 7. e5 Ne4 8. b5 Na5 9. Bd3 Nc5 10. cxd4 Nxd3+ 11. Qxd3 d5 12. 0-0 a6 13. Ba3 axb5 14. Bxe7 Qxe7 15. Qxb5+ c6 16. Qd3 0-0 17. Nbd2 Be6 18. a4 Ra6 19. Qc3 Rfa8 20. Rfb1 h6 21. h3 Nc4 22. Nb3 Rxa4 23. Nc5 Ra3 24. Qc1 b6 25. Rxa3 Nxa3 26. Rxb6 Bf5 27. Qf4 Bg6 28. Rxc6 Nc4 29. Nh4 Nd2 30. Qxd2 Ra1+ 31. Kh2 Qxh4 32. Rc8+ Kh7 33. Nd7 1-0

[Event "SRB-chT Premier"]
[Site "Vrnjacka Banja"]
[Date "2022.09.21"]
[Round "2.2"]
[White "Velikic, Adela"]
[Black "Stankovic, Milos"]
[Result "1/2-1/2"]
[WhiteElo "2272"]
[BlackElo "2439"]
[PlyCount "173"]
[EventDate "2022.09.20"]
[EventType "team-tourn"]
[EventRounds "11"]
[EventCountry "SRB"]
[SourceTitle "CBM 210 Extra"]
[Source "ChessBase"]
[SourceDate "2022.11.30"]
[SourceVersion "1"]
[SourceVersionDate "2022.11.30"]
[SourceQuality "1"]
[WhiteTeam "Grocka Vinogradi"]
[BlackTeam "Goracici Jelica"]
[WhiteTeamCountry "SRB"]
[BlackTeamCountry "SRB"]

1. c4 e6 2. Nc3 d5 3. d4 Nf6 4. cxd5 exd5 5. Bg5 Be7 6. e3 0-0 7. Bd3 Re8 8. Nf3 h6 9. Bf4 Bd6 10. Bxd6 Qxd6 11. h3 a6 12. 0-0 Nbd7 13. Rc1 c5 14. dxc5 Nxc5 15. Bb1 Bd7 16. Qd4 Ne6 17. Qe5 Qxe5 18. Nxe5 Red8 19. Rfd1 Be8 20. Ne2 Bb5 21. Nd4 Nxd4 22. Rxd4 Rac8 23. Rcd1 Re8 24. Ng4 Nxg4 25. hxg4 Rc4 26. Kh2 g6 27. Kg3 Bc6 28. a3 Kg7 29. Ba2 Rc2 30. R1d2 Rxd2 31. Rxd2 Re5 32. Rd4 Kf6 33. Rd3 Ke7 34. f3 a5 35. Kf2 Kd6 36. b4 axb4 37. axb4 Kc7 38. Rd4 f6 39. Rf4 Re6 40. e4 g5 41. exd5 Rd6 42. Rd4 Bd7 43. Rc4+ Kd8 44. Rc2 Rb6 45. Rb2 Ke7 46. Ke3 Ra6 47. Bc4 Ra1 48. Kd4 Kd6 49. Bd3 Rd1 50. Kc3 b6 51. Be4 Rc1+ 52. Kd2 Rg1 53. Kc3 Rc1+ 54. Kb3 Bb5 55. Rd2 Bc4+ 56. Kb2 Rg1 57. Kc3 Rc1+ 58. Kd4 Bb5 59. Rc2 Rd1+ 60. Kc3 Ra1 61. Kb2 Ra4 62. Rc8 Rxb4+ 63. Kc3 Ra4 64. Rd8+ Ke5 65. Rb8 Rc4+ 66. Kb3 Rd4 67. Rxb6 Bc4+ 68. Kc3 Bxd5 69. Rb5 Rxe4 70. fxe4 Kxe4 71. Kd2 Kd4 72. g3 Be6 73. Rb4+ Ke5 74. Ke3 f5 75. Rb5+ Kf6 76. gxf5 Bxf5 77. Rb6+ Kg7 78. Kd4 h5 79. Ke5 Bg4 80. Rb2 Kg6 81. Rf2 Bh3 82. Rf8 Kg7 83. Rf2 Kg6 84. Kd6 Bg4 85. Ke7 h4 86. gxh4 gxh4 87. Rh2 1/2-1/2

[Event "San Cristobal de La Laguna op 4th"]
[Site "San Cristobal de La Laguna"]
[Date "2022.09.01"]
[Round "7"]
[White "Stankovic, Milos"]
[Black "Agafonov, Yuri"]
[Result "1-0"]
[WhiteElo "2435"]
[BlackElo "2057"]
[PlyCount "67"]
[EventDate "2022.08.27"]
[EventType "swiss"]
[EventRounds "9"]
[EventCountry "ESP"]
[SourceTitle "CBM 210 Extra"]
[Source "ChessBase"]
[SourceDate "2022.11.30"]
[SourceVersion "1"]
[SourceVersionDate "2022.11.30"]
[SourceQuality "1"]

1. e4 g6 2. d4 Bg7 3. Nc3 d6 4. f4 a6 5. Nf3 Nd7 6. e5 b5 7. Bd3 Rb8 8. Qe2 Nf8 9. 0-0 d5 10. a4 c6 11. axb5 axb5 12. Nd1 Qb6 13. Bd2 Nh6 14. c3 Bf5 15. Ne3 Bxd3 16. Qxd3 e6 17. g4 Nd7 18. f5 c5 19. fxe6 Qxe6 20. Ng5 Qc6 21. Qe2 0-0 22. Qg2 Nb6 23. Nf5 gxf5 24. gxf5 Nxf5 25. Rxf5 Qg6 26. Raf1 Nc4 27. Bc1 cxd4 28. cxd4 Qb6 29. Nf3 Kh8 30. Kh1 Qc6 31. Ng5 f6 32. exf6 Bh6 33. Nxh7 Ne3 34. Bxe3 1-0